000 00601nam a2200205 a 4500
005 20140310183313.0
008 051017s19uu xx 00 eng d
020 _a0471358991
050 _aTX 911
_b .P62 2003
100 _aPowers, Tom
245 _aIntroduction to the hospitality industry /
_cTom Powers and Clayton W. Barrows.
250 _a5th ed.
260 _aNew York :
_bJohn Wiley & Sons, Inc,
_c2003.
300 _axix, 476 p. :
_bcol. ill. ;
_c23 cm.
521 _aTOU
650 _aHospitality industry.
700 _aBarrows, Clayton W.
942 _cBK
_2lcc
_kFOR
999 _c21203
_d21203